LEADER 01059nam--2200373---450- 001 990003405540203316 005 20130422095958.0 010 $a978-2-251-32441-8 035 $a000340554 035 $aUSA01000340554 035 $a(ALEPH)000340554USA01 035 $a000340554 100 $a20100527h2007----km-y0itay50------ba 101 $afre 102 $aFR 105 $a||||||||001yy 200 1 $aAmphiaraos$eguerrier, devin et guérisseur$fPierre Sineux 210 $aParis$cLes Belles Lettres$d2007 215 $a276 p.$d22 cm 225 2 $aVérité des mythes 410 0$12001$aVérité des mythes 600 $aAnfiarao$xMiti$2BNCF 676 $a292.213 700 1$aSINEUX,$bPierre$0295223 801 0$aIT$bsalbc$gISBD 912 $a990003405540203316 951 $aV.1.B. 972$b225382 L.M.$cV.1.$d00258979 959 $aBK 969 $aUMA 979 $aPAOLA$b90$c20100527$lUSA01$h1622 979 $aPAOLA$b90$c20100527$lUSA01$h1624 979 $aDSA$b90$c20130422$lUSA01$h0959 996 $aAmphiaraos$91125992 997 $aUNISA LEADER 01017nam--2200361---450- 001 990002003700203316 005 20110412130303.0 010 $a978-88-7947-505-1 035 $a000200370 035 $aUSA01000200370 035 $a(ALEPH)000200370USA01 035 $a000200370 100 $a20040913d2009----||itac50 ba 101 $aita 102 $aIT 200 1 $aManuale di nutrizione applicata$fRiccardi ... [et al.] 205 $a3. ed 210 $aNapoli$cSorbona$d2009 215 $aXIV, 497 p.$cill.$d25 cm 606 $aDietetica$2BNCF 606 $aAlimentazione$2BNCF 676 $a613.26 702 1$aRICCARDI,$bGabriele 801 0$aIT$bICCU$c20100530 912 $a990002003700203316 951 $a613.26 MAN 1$b5476 Farm.$c613.26$d00165970 959 $aBK 969 $aFAR 979 $aSIAV7$b10$c20040913$lUSA01$h1425 979 $aSIAV7$b10$c20040913$lUSA01$h1651 979 $aPATRY$b90$c20110412$lUSA01$h1303 996 $aManuale di nutrizione applicata$9785298 997 $aUNISA LEADER 04361nam 2200757 a 450 001 9910458153703321 005 20200520144314.0 010 $a0-8014-6262-2 010 $a0-8014-6261-4 024 7 $a10.7591/9780801462610 035 $a(CKB)2550000000066214 035 $a(OCoLC)774285565 035 $a(CaPaEBR)ebrary10514895 035 $a(SSID)ssj0000564870 035 $a(PQKBManifestationID)11335663 035 $a(PQKBTitleCode)TC0000564870 035 $a(PQKBWorkID)10527309 035 $a(PQKB)10040124 035 $a(StDuBDS)EDZ0001499056 035 $a(MiAaPQ)EBC3138270 035 $a(OCoLC)966847288 035 $a(MdBmJHUP)muse51947 035 $a(DE-B1597)478260 035 $a(OCoLC)979579709 035 $a(DE-B1597)9780801462610 035 $a(Au-PeEL)EBL3138270 035 $a(CaPaEBR)ebr10514895 035 $a(CaONFJC)MIL681764 035 $a(EXLCZ)992550000000066214 100 $a20110518d2011 uy 0 101 0 $aeng 135 $aur||||||||||| 181 $ctxt 182 $cc 183 $acr 200 14$aThe mediation dilemma$b[electronic resource] /$fKyle Beardsley 210 $aIthaca $cCornell University Press$d2011 215 $a1 online resource (252 p.) 225 1 $aCornell studies in security affairs 300 $aBibliographic Level Mode of Issuance: Monograph 311 $a1-322-50482-2 311 $a0-8014-5003-9 320 $aIncludes bibliographical references and index. 327 $aThe dilemma -- Negotiating mediation -- Why accept mediation? -- Raison d'e?tre : short-term benefits of mediation -- The struggle for self-enforcing peace -- Mediation in intrastate conflicts -- Implications, applications, and conclusions. 330 $aMediation has become a common technique for terminating violent conflicts both within and between states; while mediation has a strong record in reducing hostilities, it is not without its own problems. In The Mediation Dilemma, Kyle Beardsley highlights its long-term limitations. The result of this oft-superficial approach to peacemaking, immediate and reassuring as it may be, is often a fragile peace. With the intervention of a third-party mediator, warring parties may formally agree to concessions that are insupportable in the long term and soon enough find themselves at odds again.Beardsley examines his argument empirically using two data sets and traces it through several historical cases: Henry Kissinger's and Jimmy Carter's initiatives in the Middle East, 1973-1979; Theodore Roosevelt's 1905 mediation in the Russo-Japanese War; and Carter's attempt to mediate in the 1994 North Korean nuclear crisis. He also draws upon the lessons of the 1993 Arusha Accords, the 1993 Oslo Accords, Haiti in 1994, the 2002 Ceasefire Agreement in Sri Lanka, and the 2005 Memorandum of Understanding in Aceh. Beardsley concludes that a reliance on mediation risks a greater chance of conflict relapse in the future, whereas the rejection of mediation risks ongoing bloodshed as war continues.The trade-off between mediation's short-term and long-term effects is stark when the third-party mediator adopts heavy-handed forms of leverage, and, Beardsley finds, multiple mediators and intergovernmental organizations also do relatively poorly in securing long-term peace. He finds that mediation has the greatest opportunity to foster both short-term and long-term peace when a single third party mediates among belligerents that can afford to wait for a self-enforcing arrangement to be reached. 410 0$aCornell studies in security affairs. 606 $aMediation, International 606 $aConflict management 606 $aPeace-building 606 $aDiplomatic negotiations in international disputes 606 $aPacific settlement of international disputes 608 $aElectronic books. 615 0$aMediation, International. 615 0$aConflict management. 615 0$aPeace-building. 615 0$aDiplomatic negotiations in international disputes. 615 0$aPacific settlement of international disputes. 676 $a327.1/7 700 $aBeardsley$b Kyle$f1979-$01048793 801 0$bMiAaPQ 801 1$bMiAaPQ 801 2$bMiAaPQ 906 $aBOOK 912 $a9910458153703321 996 $aThe mediation dilemma$92477304 997 $aUNINA LEADER 02334oam 2200697 450 001 9910709796403321 005 20180614155454.0 035 $a(CKB)5470000002472278 035 $a(OCoLC)762123501 035 $a(EXLCZ)995470000002472278 100 $a20111122j198504 ua 0 101 0 $aeng 135 $aurun||||a|a|| 181 $ctxt$2rdacontent 182 $cc$2rdamedia 183 $acr$2rdacarrier 200 10$aFlight-measured laminar boundary layer transition phenomena including stability theory analysis /$fClifford J. Obara and Bruce J. Holmes 210 1$aWashington, D.C. :$cNational Aeronautics and Space Administration, Scientific and Technical Information Branch,$dApril 1985. 215 $a1 online resource (37 pages) $cillustrations 225 1 $aNASA/TP ;$v2417 300 $a"April 1985." 300 $aPrepared at Langley Research Center. 320 $aIncludes bibliographical references (page 8). 606 $aBoundary layer transition$2nasat 606 $aAerodynamic coefficients$2nasat 606 $aLaminar flow$2nasat 606 $aTurbulent boundary layer$2nasat 606 $aFlight tests$2nasat 606 $aLaminar flow 606 $aBoundary layer 606 $aTransition flow 606 $aBoundary layer$2fast 606 $aLaminar flow$2fast 606 $aTransition flow$2fast 615 7$aBoundary layer transition. 615 7$aAerodynamic coefficients. 615 7$aLaminar flow. 615 7$aTurbulent boundary layer. 615 7$aFlight tests. 615 0$aLaminar flow. 615 0$aBoundary layer. 615 0$aTransition flow. 615 7$aBoundary layer. 615 7$aLaminar flow. 615 7$aTransition flow. 700 $aObara$b Clifford J.$01417736 702 $aHolmes$b Bruce J. 712 02$aUnited States.$bNational Aeronautics and Space Administration.$bScientific and Technical Information Branch, 712 02$aLangley Research Center. 801 0$bOCLCE 801 1$bOCLCE 801 2$bOCLCQ 801 2$bOCLCF 801 2$bOCLCQ 801 2$bOCLCO 801 2$bOCLCQ 801 2$bGPO 906 $aBOOK 912 $a9910709796403321 996 $aFlight-measured laminar boundary layer transition phenomena including stability theory analysis$93527138 997 $aUNINA